Proces cenotvorby na ropnom trhu

Vývoj mechanizmu cenotvorby na svetovom ropnom trhu. Burzová cenotvorba na ropnom trhu. Mimoburzová cenotvorba. Faktory, ktoré ovplyvňujú formovanie cien ropy a energetických nosičov.

Salvato in:
Dettagli Bibliografici
Autore principale: Glavatskich, Maria
Natura: Capitolo di libro
Lingua:slovacco
Soggetti:
Tags: Aggiungi Tag
Nessun Tag, puoi essere il primo ad aggiungerne!!

MARC

LEADER 00000nla$a2200000$$$4500
001 0125389
005 20240502083318.3
041 0 |a slo 
044 |a CZ 
245 1 0 |a Proces cenotvorby na ropnom trhu  |c Maria Glavatskich 
520 |a Vývoj mechanizmu cenotvorby na svetovom ropnom trhu. Burzová cenotvorba na ropnom trhu. Mimoburzová cenotvorba. Faktory, ktoré ovplyvňujú formovanie cien ropy a energetických nosičov. 
610 2 0 |a ropa 
610 2 0 |a ceny 
610 2 0 |a tvorba cien 
610 2 0 |a trh svetový 
610 2 0 |a burzy 
610 2 0 |a ponuka 
610 2 0 |a dopyt 
610 2 0 |a kvalita 
100 1 |a Glavatskich, Maria